| 000 | 00409 a2200109 4500 | ||
|---|---|---|---|
| 001 | ART_18203 | ||
| 005 | 20260410161658.0 | ||
| 008 | 260409a | ||
| 245 | 1 | 0 | _aImpuestos internos Automotores y motores gasoleros. Vehículos automóviles y motores, embarcaciones de recreo o deporte y aeronaves |
| 100 | 1 | _aBaldo, Alberto | |
| 773 | 0 |
_tPráctica profesional _g- Nº 169 (jul. 2012) _wREV542 |
|
| 999 |
_c14906 _d14906 |
||